000 00703nam a22002537a 4500
001 BR9511172
003 BR-BrBNA
005 20230928094845.0
007 ta
008 230509b bl.||||| |||| 00| 0 por d
040 _aBR-BrBNA
_bpor
_cBiblioteca Nacional de Agricultura
041 _a(Por)
072 _aA50; N01
090 _ A50 BR9511172
100 1 _aMarchetti, D.A.B.
110 1 _aEmpresa Brasileira de Pesquisa Agropecuaria, Brasilia, DF (Brasil)
245 1 _aPrograma de engenharia agricola
260 3 _aBrasilia, DF (Brasil):
_c1984.
300 _a30 p.
650 _aPrograma de Pesquisa
650 _aEngenharia Rural
909 _a202309
_bLucia
_c55
_dLucia Elande
942 _cBK
999 _c53053
_d53053